Sąsiedzi sąsiadów Angoli - Statystyki

Ogólne statystyki
  • Ten quiz został rozwiązany 70 razy
  • Średni wynik to 9 z 12
Statystyki odpowiedzi
Państwo % Poprawnych
Republika Południowej Afryki
91%
Zimbabwe
81%
Botswana
80%
Mozambik
80%
Tanzania
78%
Uganda
77%
Burundi
75%
Rwanda
75%
Gabon
72%
Republika Środkowoafrykańska
69%
Malawi
66%
Sudan Południowy
66%
Nie znaleziono quizów pasujących do podanych kryteriów
Rozkład punktacji
Procent ludzi z każdym wynikiem
Percentyl według liczby udzielonych odpowiedzi
Twoja historia wyników
Nie rozwiązałeś tego quizu